The Connection Between Two Islands

This thesis examines two pieces of English literature, one from the 19th century and one from the 20th century. I will show that the differences between R. M. Ballantyne's The Coral Island (1858) and William Golding's Lord of the Flies (1954) are due to the differences of the ages they wer...

Teljes leírás

Elmentve itt :
Bibliográfiai részletek
Szerző: Machalek Márta
További közreműködők: Borbás Tibor (Témavezető)
Dokumentumtípus: Szakdolgozat
Megjelent: 2005
Tárgyszavak:
Online Access:http://diploma.bibl.u-szeged.hu/75729
LEADER 01002nta a2200169 i 4500
001 dipl75729
005 20190507065227.0
008 190503s2005 hu om 0|| eng d
040 |a SZTE Diploma Repozitórium  |b hun 
041 |a eng 
100 1 |a Machalek Márta 
245 1 4 |a The Connection Between Two Islands  |h [elektronikus dokumentum] /  |c Márta Machalek 
260 |c 2005 
520 3 |a This thesis examines two pieces of English literature, one from the 19th century and one from the 20th century. I will show that the differences between R. M. Ballantyne's The Coral Island (1858) and William Golding's Lord of the Flies (1954) are due to the differences of the ages they were created in. I will show the historical periods and then I will demonstrate that although there are some similarities in the two novels, they are totally different. 
650 4 |a Pedagógusképzés 
700 1 |a Borbás Tibor  |e ths 
856 4 0 |u http://diploma.bibl.u-szeged.hu/id/eprint/75729/1/2005_machalek_marta.pdf  |z Dokumentum-elérés